| 000 | 00926nmc a2200313 a 4500 | ||
|---|---|---|---|
| 003 | AR-BaBNM | ||
| 005 | 20251128211303.0 | ||
| 008 | 033120s2003 ||||||||||||||000 | spa|| | ||
| 020 | _a950-895-132-X | ||
| 040 | _cAR-BaBNM | ||
| 100 | 1 | _aMendoza, Angélica | |
| 245 | 1 | 0 | _aEscritos escogidos |
| 260 |
_aBuenos Aires _bCatálogos _c2003 _bSecretaría de Cultura de la Nación |
||
| 300 | _a216 p. | ||
| 490 | 0 | _aLetras de la memoria | |
| 500 | _aEsta edición ha sido auspiciada y declarada de interés cultural por la Secretaría de Cultura de la Nación | ||
| 650 | 4 | _aLITERATURA ARGENTINA | |
| 650 | 4 | _aHISTORIA ARGENTINA | |
| 650 | 4 | _aFILOSOFIA | |
| 650 | 4 | _aNACIONALISMO CULTURAL | |
| 650 | 4 | _aIDENTIDAD NACIONAL | |
| 650 | 4 | _aESTEREOTIPO NACIONAL | |
| 650 | 4 | _aIDEOLOGIAS | |
| 650 | 4 | _aPATRIOTISMO | |
| 651 | 4 | _aAmérica Latina | |
| 800 | 1 | _aArcomano, Domingo | |
| 942 | _cBK | ||
| 998 | _cMariana | ||
| 999 |
_c19007 _d19007 |
||